000 00838nam a22001937a 4500
999 _c371529
_d371529
008 201127b ||||| |||| 00| 0 eng d
040 _aDE-2950
_bger
_cDE-2950
_erda
041 _ager
245 _aUnterricht für Kinder aus der Ukraine.
_bKriegsflüchtlinge: Seit einigen tagen lernen bis zu 20 ukrainische Kinder, die mit ihren Müttern bei Familien in Lebus und Frankfurt untergebracht sind, im Gemeindehaus in Lebus die ersten deutschen Wörter /
_cInes Weber-Rath
264 _c2022
653 _aLebus <Märkisch Oderland>
653 _aFlüchtlinge
653 _aDeutschunterricht
773 _dFrankfurt (Oder) Märkisches Verlags- und Druckhaus GmbH & Co KG
_tMärkische Oderzeitung
_g33. Jahrgang (2022) Nr. 65 vom 18.03.2022, S. 16
942 _cA